Nové smery v mechanizácii chovu hovädzieho dobytka

Bibliographic Details
Main Author: Ducho, Peter, 1923- (Author)
Format: Book
Language:Slovak
PhysicalDescription:294, [1] s. 8°
Published: Bratislava Príroda 1975
Edition:1. vyd.
Series:Poľnohospodárska mechanizácia
Organizátor poľnohospodárskej veľkovýroby
Subjects:

MARC

LEADER 00000cam a2200000 a 4500
001 vtls008355662
003 SK-MaSNL
005 20260301164844.0
008 190102s1975 xo 000 slo
015 |a SKSNBA1975/11-02758 
035 |a SK01SNK19750047879 
035 |a SKM000050342 
040 |a SNK  |b slo  |c SNK  |e AACR2 
041 0 |a slo 
044 |a xo  |c SK 
080 |a 636.2.08:65.011.54  |2 1981 
100 1 |a Ducho, Peter,  |d 1923-  |4 aut  |9 39050 
245 1 0 |a Nové smery v mechanizácii chovu hovädzieho dobytka  |c autori: Peter Ducho a kol. 
250 |a 1. vyd. 
260 |a Bratislava  |b Príroda  |c 1975  |e Martin  |f Tlačiarne SNP 
300 |a 294, [1] s.  |c 8° 
490 1 |a Poľnohospodárska mechanizácia 
490 1 |a Organizátor poľnohospodárskej veľkovýroby 
500 |a Použ. lit. Tb. Fot. Grafy. Schémy 
563 |a 2000 výtl. 
650 0 7 |a mechanizácia živočíšnej výroby  |2 SNKPH  |9 307969 
650 0 7 |a chov hovädzieho dobytka  |2 SNKPH  |9 57341 
650 0 7 |a hovädzí dobytok  |2 SNKPH  |9 2818 
655 7 |a príručky  |2 SNKPH  |9 74364 
830 0 |a Poľnohospodárska mechanizácia  |9 275055 
830 0 |a Organizátor poľnohospodárskej veľkovýroby  |9 279760 
852 |a Slovenská národná knižnica v Martine  |b 10000  |h SC 37514 
852 |a Slovenská národná knižnica v Martine  |b 10000  |h SC 37514 D1 
919 |a viaz. 
958 |a OND 
958 |a RK 
958 |a TL 
958 |a NB 
999 |c 822044  |d 823974 
952 |a SNK  |b SNK  |y VYP  |7 0  |p 17A1152219  |o snkSC 37514 D1  |i snkKSP 7129/75  |0 0  |1 0  |4 0  |d 2017-05-11  |l 0  |r 2026-02-24 03:10:04  |w 2026-02-24